BOTANICAL ANALYSIS OF PLANT CELLS (Record no. 216223)
[ view plain ]
| 000 -LEADER | |
|---|---|
| fixed length control field | 00428nam a22001577a 4500 |
| 008 - FIXED-LENGTH DATA ELEMENTS--GENERAL INFORMATION | |
| fixed length control field | 251120b |||||||| |||| 00| 0 eng d |
| 020 ## - INTERNATIONAL STANDARD BOOK NUMBER | |
| International Standard Book Number | 979-8-88715-03-21 |
| 100 ## - MAIN ENTRY--PERSONAL NAME | |
| Personal name | SEBASTIAN, MIA |
| 245 ## - TITLE STATEMENT | |
| Title | BOTANICAL ANALYSIS OF PLANT CELLS |
| 260 ## - PUBLICATION, DISTRIBUTION, ETC. | |
| Place of publication, distribution, etc. | DUBLIN, OH |
| Name of publisher, distributor, etc. | ORYSON PRESS |
| 300 ## - PHYSICAL DESCRIPTION | |
| Extent | XII, 278P. |
| 500 ## - GENERAL NOTE | |
| General note | INCLUDES INDEX |
| 650 ## - SUBJECT ADDED ENTRY | |
| Topical term or geographic name entry element | I. PLANT CELLS. 2. CYTOLOGY-PLANTS |
| 942 ## - ADDED ENTRY ELEMENTS (KOHA) | |
| Source of classification or shelving scheme | Library of Congress Classification |
| Koha item type | Long Loan Book |
| Withdrawn status | Lost status | Source of classification or shelving scheme | Damaged status | Not for loan | Collection | Home library | Current library | Date acquired | Inventory number | Total checkouts | Full call number | Barcode | Date last seen | Copy number | Price effective from | Koha item type |
|---|---|---|---|---|---|---|---|---|---|---|---|---|---|---|---|---|
| Library of Congress Classification | Science & Technology | Kisii University Library | Kisii University Library | 11/20/2025 | 109887 | QK 725 .S33 2023 | 000000002573 | 11/20/2025 | 1 | 11/20/2025 | Long Loan Book | |||||
| Library of Congress Classification | Science & Technology | Kisii University Library | Kisii University Library | 11/20/2025 | 109888 | QK 725 .S33 2023 | 000000002578 | 11/20/2025 | 2 | 11/20/2025 | Long Loan Book | |||||
| Library of Congress Classification | Science & Technology | Kisii University Library | Kisii University Library | 11/20/2025 | 109889 | QK 725 .S33 2023 | 000000002577 | 11/20/2025 | 3 | 11/20/2025 | Long Loan Book | |||||
| Library of Congress Classification | Science & Technology | Kisii University Library | Kisii University Library | 11/20/2025 | 109890 | QK 725 .S33 2023 | 000000002574 | 11/20/2025 | 4 | 11/20/2025 | Long Loan Book |